South Bend International Airport Destinations (South Bend, IN, USA) - Statistics

General Stats
  • This quiz has been taken 72 times
    25 since last reset
  • The average score is 12 of 17
Answer Stats
Airline Destination % Correct
United Express Chicago (O'Hare)
100%
Delta Connection Detroit
100%
Delta Connection Atlanta
96%
American Eagle Dallas/Fort Worth
91%
Delta Connection Minneapolis/St. Paul
91%
American Eagle Charlotte
87%
Breeze Airways/United Express Washington (Dulles)
78%
Breeze Airways Orlando
70%
Allegiant Air Orlando/Sanford
70%
Allegiant Air Fort Lauderdale
65%
Allegiant Air St. Petersburg/Clearwater
65%
Allegiant Air Las Vegas
61%
Allegiant Air Sarasota
61%
Breeze Airways Fort Myers
57%
Allegiant Air Phoenix/Mesa
57%
Allegiant Air Punta Gorda (FL)
35%
Allegiant Air Knoxville
9%
No matching quizzes found
Score Distribution
Percent of People with Each Score
Percentile by Number Answered
Your Score History
You have not taken this quiz since the last reset